000 00580nam a22001817a 4500
005 20241206153908.0
010 _aENG-142874
020 _a9789394883291
_c595.00
035 _aEN-126406
037 _bDBAD
082 _a658.4080954
_21
100 _aBharti, Shuchi
_974808
245 _aCorporate Social Responsibility in India /
_h
_cby Shuchi Bharti
260 _aNew Delhi
_bAne Books
_c2023
270 _a4821, Parwana Bhawan, 1st Floor, 24 Ansari Road, Daryaganj
_bNew Delhi
_e110002
300 _a185p.
_c22cm(Hb)
942 _2ddc
_cEN
_mBHA
_h658.4080954
999 _c207476
_d207476